UBT Library

Psychotherapy with Women (Record no. 53897)

000 -LEADER
fixed length control field 00297nam a22001337a 4500
008 - FIXED-LENGTH DATA ELEMENTS--GENERAL INFORMATION
fixed length control field 190129b xxu||||| |||| 00| 0 eng d
020 ## - INTERNATIONAL STANDARD BOOK NUMBER
International Standard Book Number 9781593851897
041 ## - LANGUAGE CODE
Language code of text/sound track or separate title eng
080 ## - UNIVERSAL DECIMAL CLASSIFICATION NUMBER
Universal Decimal Classification number 159.9
100 ## - Rafti
Rafti 49
101 ## - Shkurtesa
Shkurtesa PSI
245 ## - TITLE STATEMENT
Title Psychotherapy with Women
Statement of responsibility, etc Mirkin, M.P
942 ## - ADDED ENTRY ELEMENTS (KOHA)
Source of classification or shelving scheme
Item type Books
Holdings
Withdrawn status Lost status Source of classification or shelving scheme Damaged status Not for loan Collection code Permanent location Current location Shelving location Date acquired Total Checkouts Full call number Barcode Date last seen Price effective from Koha item type
          Koleksioni i përgjithshem UBT - Lipjan UBT - Lipjan Koleksioni i përgjithshem 01/29/2019   159.9 MIR 002-3021918 01/29/2019 01/29/2019 Books
UBT Library © 2015-2024. All rights reserved University Education for Business and Technology